02423naa a2200301 a 450000100080000000500110000800800410001902200250006002400420008510000240012724500850015126000090023652015070024565000210175265000220177365000260179565300090182165300240183065300240185465300230187865300240190165300210192565300340194665300200198065300430200065300190204377300590206215062332021-07-28 2006 bl uuuu u00u1 u #d a0044-5967 (impresso)7 a10.1590/S0044-59672006000400007.2DOI1 aARAUJO, H. J. B. de aInventário florestal a 100% em pequenas áreas sob manejo florestal madeireiro. c2006 aO inventário é uma etapa básica do manejo florestal em que é avaliado a composição da floresta e a sua potencialidade para o manejo. O inventário a 100% tem o propósito de determinar o estoque de madeira existente para fins de planejamento da exploração. Este trabalho apresenta resultados de inventário florestal a 100% de um projeto de manejo florestal comunitário madeireiro conduzido pela Embrapa Acre em parceria com um grupo de produtores do Projeto de Colonização Pedro Peixoto, no estado Acre. A área total inventariada foi de 206,8 ha, composta por 57 talhões de tamanho médio de 3,6 ha cada um, correspondente a 48% da área total sob manejo de 12 pequenas propriedades. Foram abordadas todas as árvores com DAP ³ a 50,0 cm. Os resultados foram expressos, por espécie, por propriedade e para a área total em: número total de árvores (NT); abundância por hectare (AB); volume total (VT); volume por hectare (V); área basal total (ABsT); área basal por hectare (ABs); índice de importância da espécie (IND); e condição de aproveitamento da tora. Para a área total os resultados foram: NT = 3.518 árvores; AB = 17,01 árvores.ha-1; VT = 21.667,41 m3; V = 104,77 m3.ha-1; ABsT = 1.413,77 m2; e ABs = 6,84 m2.ha-1. Foram reconhecidas em campo 204 espécies, pertencentes a 136 gêneros e a 43 famílias. Foi observado acentuada concentração dos dados dendrométricos em poucas espécies, pois somente cinco espécies respondem por um terço (33,6%) do IND total. aForest inventory aForest management aInventário Florestal aAcre aAmazonia occidental aAmazônia Ocidental aEspécie florestal aInventario forestal aManejo florestal aManejo florestal comunitário aManejo forestal aProjeto de Colonização Pedro Peixoto aWestern amazon tActa Amazonica, Manausgv. 36, n. 4, p. 447-464, 2006.